[Event "Porticcio op 3rd"]
[Site "Grosseto Prugna"]
[Date "2016.06.25"]
[Round "1"]
[White "Edouard, Romain"]
[Black "Malassagne, Jerome"]
[Result "1-0"]
[WhiteElo "2648"]
[BlackElo "1756"]
[PlyCount "71"]
[EventDate "2016.06.25"]
[EventType "swiss"]
[EventRounds "9"]
[EventCountry "FRA"]
[SourceTitle "EXT 2017"]
[Source "ChessBase"]
[SourceDate "2016.10.25"]
[SourceVersion "1"]
[SourceVersionDate "2016.10.25"]
[SourceQuality "1"]

1. d4 Nf6 2. c4 g6 3. g3 Bg7 4. Bg2 d5 5. cxd5 Nxd5 6. Nf3 c6 7. 0-0 0-0 8. e4 Nf6 9. Nc3 Re8 10. h3 Nbd7 11. Bf4 Nh5 12. Bg5 h6 13. Be3 Nhf6 14. Qd2 Kh7 15. Rad1 e6 16. Qc2 Qe7 17. e5 Nd5 18. Nh4 Nxc3 19. bxc3 Nf8 20. f4 Bd7 21. Qf2 b5 22. g4 f5 23. exf6 Bxf6 24. Nf3 a5 25. Ne5 Bxe5 26. dxe5 Red8 27. Bb6 Rdc8 28. Bc5 Qg7 29. Kh1 Be8 30. Be4 Rd8 31. Bd6 Kg8 32. f5 exf5 33. gxf5 g5 34. e6 Nh7 35. f6 Kh8 36. fxg7+ 1-0

[Event "FRA-ch op-C"]
[Site "Nimes"]
[Date "2009.08.16"]
[Round "6"]
[White "Malassagne, Jerome"]
[Black "Dell'Unto, Anthony"]
[Result "0-1"]
[WhiteElo "1710"]
[BlackElo "1730"]
[PlyCount "97"]
[EventDate "2009.08.11"]
[EventType "swiss"]
[EventRounds "11"]
[EventCountry "FRA"]
[SourceTitle "EXT 2011"]
[Source "ChessBase"]
[SourceDate "2010.11.26"]
[SourceVersion "1"]
[SourceVersionDate "2010.11.26"]
[SourceQuality "1"]

1. d4 Nf6 2. Nf3 d6 3. g3 c5 4. c3 Nc6 5. dxc5 dxc5 6. Qxd8+ Kxd8 7. Bg2 Bf5 8. 0-0 e6 9. Bg5 h6 10. Bxf6+ gxf6 11. Na3 a6 12. Rad1+ Kc7 13. Nh4 Bh7 14. Nc4 Be7 15. Rd2 b5 16. Ne3 Rad8 17. Rfd1 Rxd2 18. Rxd2 Rd8 19. Rxd8 Bxd8 20. Ng4 h5 21. Ne3 Bb1 22. a3 b4 23. axb4 cxb4 24. Nd1 Bc2 25. Ne3 bxc3 26. bxc3 Bb3 27. Nf3 f5 28. Nd2 Ba4 29. Bf3 Bf6 30. c4 h4 31. Kg2 Ne5 32. Bh5 Kd6 33. f4 Ng6 34. Bf3 Bd4 35. Nxf5+ exf5 36. Bd5 Bc6 37. Bxc6 Kxc6 38. Kh3 hxg3 39. Kxg3 Be3 40. Nb3 Bxf4+ 41. Kh3 Ne5 42. Nd4+ Kc5 43. Nxf5 a5 44. e3 Bg5 45. Kg2 a4 46. h4 Bxh4 47. Nxh4 a3 48. Nf5 a2 49. Nd4 0-1